Giáo trình trang bị điện

שמור ב:
מידע ביבליוגרפי
מחבר ראשי: Nguyễn, Văn Chất
פורמט: ספר
שפה:Undetermined
יצא לאור: Hà Nội Giáo dục 2004
נושאים:
תגים: הוספת תג
אין תגיות, היה/י הראשונ/ה לתייג את הרשומה!
Thư viện lưu trữ: Trung tâm Học liệu Trường Đại học Cần Thơ
LEADER 00542nam a2200193Ia 4500
001 CTU_64127
008 210402s9999 xx 000 0 und d
020 |b 26500 
082 |a 621.31 
082 |b Ch124 
100 |a Nguyễn, Văn Chất 
245 0 |a Giáo trình trang bị điện 
245 0 |c Nguyễn Văn Chất 
260 |a Hà Nội 
260 |b Giáo dục 
260 |c 2004 
650 |a Electricity,Thiết bị điện 
904 |i Năm 
980 |a Trung tâm Học liệu Trường Đại học Cần Thơ